000 00461nam a2200181Ia 4500
008 100917s9999 xx 000 0 und d
082 _b14804
100 _aभिडे भि. गो.
245 _aरत्नमाला
260 _b---
_c1922
300 _a324
365 _b3
520 _aकादंबरी
630 _aरत्नमाला
650 _aकादंबरी
730 _aरत्नमाला
942 _cBOOK
999 _c620198
_d620195